Soft Drink Slogans Quiz Stats

 Plays Quiz Updated Mar 20, 2016

Score 0/12 Timer 02:00
0 Plays Today
Slogan Brand % Correct
Do the [partial soda name].Mountain Dew
75%
Obey your thirst.Sprite
72.3%
Taste the feeling.Coca-Cola
65.1%
Drink it slow, [partial soda name] orders.Dr Pepper
52.2%
Every [soda name] refreshes the world.Pepsi
47.5%
Make [soda name] yours.7 Up
28.9%
[Soda name] has bite!Barq's
23.8%
You got the right one baby, uh-huh.Diet Pepsi
17.9%
Feed the rush.Surge
7.1%
Get a taste.Diet Coke
6%
Run with the little guy...create some change.Jones Soda
2.4%
Just make it [soda name] for mine.Moxie
1.2%

You're not logged in!

Compare scores with friends on all Sporcle quizzes.
OR
Log In

Sporcle TV

Today on Sporcle TV


Watch our educational content, quiz creation guides, and fun videos on Sporcle TV.

Show Comments

Extras

Top Quizzes Today


Score Distribution

Your Account Isn't Verified!

In order to create a playlist on Sporcle, you need to verify the email address you used during registration. Go to your Sporcle Settings to finish the process.

Report this User

Report this user for behavior that violates our Community Guidelines.

Details: